| 000 | 00540nam a22002057a 4500 | ||
|---|---|---|---|
| 005 | 20250301043143.0 | ||
| 008 | 250301b |||||||| |||| 00| 0 eng d | ||
| 020 | _a9789360789398 | ||
| 040 |
_aIN-DiNC _cIN-DiNC |
||
| 041 | _deng | ||
| 082 |
_a954 _bSEN |
||
| 100 |
_aSen, Sanjay _eauthor |
||
| 245 |
_aHistory of India-IV(major 5)/ _cby Sanjay Sen |
||
| 250 | _a1st ed. | ||
| 260 |
_aGuwahati: _bAshok Publication, _c2025. |
||
| 300 | _a388p. | ||
| 650 | _aPolitical Structures | ||
| 700 |
_aSanjay Sen _eauthor |
||
| 942 |
_2ddc _cBK |
||
| 999 |
_c12093 _d12093 |
||